| 000 | 00592nam a2200205Ia 4500 | ||
|---|---|---|---|
| 003 | OSt | ||
| 005 | 20230424112432.0 | ||
| 008 | 210423s2005 xx 000 0 und d | ||
| 020 | _a415304350 | ||
| 040 | _cAL | ||
| 041 | _aeng | ||
| 082 |
_a820.954 _223 _bROYA |
||
| 100 |
_aROY (Anindyo). _991955 |
||
| 245 | _aCivility and empire: literature and culture in british India 1822-1922. | ||
| 260 |
_aNew Delhi _bRoutledge _c2005 |
||
| 300 |
_aviiii,216 _bHB |
||
| 365 |
_b895 _cINR |
||
| 906 | _a1822-1922. ; british ; Civility ; culture ; empire: ; India ; literature | ||
| 942 |
_2ddc _cBK |
||
| 999 |
_c160923 _d160923 |
||